000 00825nam0a22002531 4500
001 rc\3258700
005 20250609171353.0
035 _a(NLR Aleph) 007385655
090 _a6555977
_c6555977
100 _a20130115d1969 |||y0rusy50 ca
101 0 _arus
102 _aRU
105 _ay z |||||
200 1 _aКараимика в Литве
_eСекция караимоведения Тракайского об-ва охраны памятников Литов. ССР
210 _aТракай
_cБ. и.
_d1969
215 _a8 с.
700 1 _aФиркович
_bР.
801 1 _aRU
_bELAR
_2rusmarc
801 0 _aRU
_bNLR
_gpsbo
830 _aЕсть в б-ке МЭ
830 _aИсточник: Лет. печ. Литов. ССР, 1970, № 3, с. 684
852 _aNLR
_jDesideratum
942 _cBOOK
980 _aNB